LEADER 00557nab a2200145 i 4500 001 000000316504 003 CaOOAMICUS 005 20180831173210.0 008 180831n xx uu u0 0und r 013 $a25585 040 $aSeMil$bita 100 1 $aGuzzetti, Giovanni Battista,$c.$0(OLS)http://semarc/name/249 245 13$aIl card. Schuster e il fascismo. A proposito di un libro recente. 773 0 $t[Gennaio-Dicembre].$g575-583$w()273988 996 $6245$aIl card. Schuster e il fascismo. A proposito di un libro recente$9(OLS)http://semarc/title/390522 LEADER 00481nab a2200145 i 4500 001 000000284235 003 CaOOAMICUS 005 20180831165251.0 008 180831n xx uu u0 0und r 013 $a37513 040 $aSeMil$bita 245 10$aPentecoste :$bvivere secondo lo Spirito. 500 $aSuppl. al n. 8, aprile 2006. 773 0 $tQuell'uomo che si chiama Gesł.$dBologna : EDB, 2006.$w()238814 996 $6245$aPentecoste :$bvivere secondo lo Spirito$9(OLS)http://semarc/title/365590